European General Knowledge #3 - Statistics

General Stats
  • This quiz has been taken 231 times
    230 since last reset
  • The average score is 12 of 20
Answer Stats
Question Answer % Correct
Where is Cathédrale Notre-Dame? Paris
99%
What is James Bond's code number? 007
98%
Where can you find the most famous leaning tower? Pisa
93%
What region of Romania is associated with vampires? Transylvania
93%
Who is father of psychoanalysis? Sigmund Freud
84%
What is the name of Belgian blue fictional creatures who live in mushrooms? The Smurfs
84%
Who was the sky and thunder god in ancient Greek religion? Zeus
76%
What is the name of Spanish fleet defeted by English ships in 1588? Spanish Armada
74%
Who was the first man in outer space? Yuri Gagarin
73%
What is the capital of Moldova? Chișinău
59%
What country is the only one that is bordering that sea? Turkey
57%
What is the name of the Prime meridian? Greenwich
56%
What is the second biggest city in Greece? Thessaloniki
52%
What is nickname of Ireland? Emerald Isle
48%
Which football club from Belgrade won Champions League? Red Star
46%
What German rock band perform song Wind of Change? Scorpions
38%
What sea is between Bosphorus and Dardanelles? Marmara Sea
29%
What country has capital city whose name means wisdom? Bulgaria
26%
Who wrote Quietly Flows the Don? Mikhail Aleksandrovich Sholokhov
5%
Who won the first Nobel Prize in literature? Sully Prudhomme
4%
No matching quizzes found
Score Distribution
Percent of People with Each Score
Percentile by Number Answered
Your Score History
You have not taken this quiz since the last reset